000 005330000a22001570004500
090 _aAR
_b01525
245 1 0 _aSeed and pollen dispersal by animals: convergence in the ecology of contamination and sloppy harvest
650 1 4 _aRelación planta-animal
_992861
650 1 4 _aPolinización
_994027
650 1 4 _aDispersión de semillas
_992588
650 1 4 _aEcología
_992250
041 0 _aInglés
100 1 _aJanzen, Daniel H.
_93808
942 _cARTICULO
773 1 _tBiological Journal of the Linnean Society
_3166
_h20
_q103-113
_d1983
999 _c10608
_d10608